eIoT (Record no. 20166)

MARC details
000 -LEADER
fixed length control field 00538nam a2200121Ia 4500
008 - FIXED-LENGTH DATA ELEMENTS--GENERAL INFORMATION
fixed length control field 220616s9999||||xx |||||||||||||| ||und||
100 ## - MAIN ENTRY--PERSONAL NAME
Personal name Muhanji, Steffi O.||Flint, Alison E.||Farid, Amro M.
245 #0 - TITLE STATEMENT
Title eIoT
Remainder of title The Development of the Energy Internet of Things in Energy Infrastructure
546 ## - LANGUAGE NOTE
Language note English[eng]
650 ## - SUBJECT ADDED ENTRY--TOPICAL TERM
Topical term or geographic name entry element Energy||Renewable energy resources||Energy systems||Power electronics||Electrical engineering||Application software
856 ## - ELECTRONIC LOCATION AND ACCESS
Uniform Resource Identifier <a href="https://library.oapen.org/bitstream/20.500.12657/22898/1/1007263.pdf">https://library.oapen.org/bitstream/20.500.12657/22898/1/1007263.pdf</a>
942 ## - ADDED ENTRY ELEMENTS (KOHA)
Koha item type E-Books
Holdings
Withdrawn status Lost status Damaged status Not for loan Home library Current library Date acquired Total Checkouts Date last seen Price effective from Koha item type
        Kerala University of Digital Sciences, Innovation and Technology Knowledge Centre Kerala University of Digital Sciences, Innovation and Technology Knowledge Centre 16/06/2022   16/06/2022 16/06/2022 E-Books